000 00712nam a2200193Ia 4500
999 _c41524
_d41524
001 8191
003 GE_BSU
005 20240216171824.0
008 181216s1963ge xx |||||||||||||| ||geo||
040 _cGE_BSU
041 _ageo
080 _a821.353.1-1 ე-27
100 _aევდოშვილი, იროდიონ
_915062
245 _aრჩეული ლექსები /
_cიროდიონ ევდოშვილი ; შალვა რადიანის წინასიტყვაობით.
264 _aთბილისი :
_bცოდნა,
_c1963.
300 _a471 გვ. :
_c22 სმ.
653 _aრჩეული ლექსები
942 _cBK
_2udc